00593nam a2200169Ia 4500008004100000100002000041245011600061245002000177260004700197260001000244300002500254500001000279650002300289650002000312999001900332952007200351170224s9999 xx 000 0 und d aDong-Hee Shin  aDo Users Experience Real Sociability Through Social TV? Analyzing Parasocial Behavior in Relation to Social TV  cDong-Hee Shin  bJournal of Broadcasting & Electronic Media cMarch a60:1, Pages: 140-159 aMarch xCommunication Arts xMultimedia Arts c316198d316198 001040aCLbCLd2017-02-24l0r2017-02-24 00:00:00w2017-02-24ySE